000 00853nam0a22002891 4500
001 v19\rc\1971158
005 20251118181227.4
035 _a(NLR Aleph) 005069242
090 _a7077844
_c7077844
100 _a20080623d1914 |||y0rusy50 ca
101 0 _arus
102 _aRU
105 _ay z |||||
200 1 _aРазверстание, коммасация и сервитуты
_fВл.И. Гаштольд-Букраба
210 _aВинница
_cтип. Гор. упр.
_d1914
215 _a12 с.
_d25
700 1 _aГаштольд-Букраба
_bВл. И.
790 1 _aБукраба
_bВл. И.
801 0 _aRU
_bNLR
_gpsbo
801 0 _aRU
_bRuMoRGB
_2psbo
801 1 _aRU
_bProSoft-M
_2rusmarc
852 _aNLR
_j37.54.7.421
899 _aRuMoRGB
_jV 35/258
899 _aБАН
899 _aГПИБ
942 _cBOOK
980 _aNB